Esquizofrenia Enfoque criminolg̤ico

Bibliographic Details
Main Author: Carren̤, Wael Sarwat Hikal
Format: eBook
Language:Spanish
Published: Barcelona : Editorial vLex, 2012
Subjects:
Online Access:http://www.vlex.com/source/7027

MARC

LEADER 00000nam a22000007a 4500
005 20130222085543.0
007 cr|||| ||||
008 130222e2012 sp |||||s|||| 00||0 spa d
020 |a 978-607-09-1166-1 
035 |a 7027 
040 |a vLex 
090 |c 3711  |d 3711 
100 1 0 |a Carren̤, Wael Sarwat Hikal  
245 1 0 |a Esquizofrenia  |b Enfoque criminolg̤ico  |h [Recurso electrn̤ico] 
256 |a Servicio en ln̕ea 
260 |a Barcelona :  |b Editorial vLex,   |c 2012 
300 |a 1 Recurso electrn̤ico 
650 0 4 |a Criminologa̕ 
650 0 4 |a Medicina forense 
650 0 4 |a Psiquiatra̕ 
740 |a vLex Libros (Servicio en ln̕ea) 
856 |a Acceso restringido  |u http://www.vlex.com/source/7027 
942 |c BOOK 
999 0 |a Criminology